000 00340nam a22001577a 4500
005 20160629120920.0
008 160629b xxu||||| |||| 00| 0 eng d
041 _aeng
082 _b11017
100 _aDas, Jivan Anand
_93157
245 _aJharapalak
260 _bNew Street
300 _a96
650 _aManagement
_9241
942 _cBK
999 _c4625
_d4623